Central Library OPAC University of Rajshahi

Selected historical essays of F.W. Maitland / (Record no. 24228)

MARC details
000 -LEADER
fixed length control field 00859cam a2200265 a 4500
001 - CONTROL NUMBER
control field 24228
003 - CONTROL NUMBER IDENTIFIER
rucl marc code BD-RjUL
005 - DATE AND TIME OF LATEST TRANSACTION
control field 20211209001026.0
008 - FIXED-LENGTH DATA ELEMENTS--GENERAL INFORMATION
fixed length control field 850520s1957 ctu b 000 0 eng
035 ## - SYSTEM CONTROL NUMBER
System control number (BD-RjUL)24294
040 ## - CATALOGING SOURCE
Original cataloging agency DLC
Transcribing agency DLC
Modifying agency BD-RjUL
Language of cataloging eng
041 ## - LANGUAGE CODE
Language code of text/sound track or separate title eng
082 00 - DEWEY DECIMAL CLASSIFICATION NUMBER
Classification number 941
Edition number 19
Author mark and year MAS 1957
100 1# - MAIN ENTRY--PERSONAL NAME
Personal name Maitland, Frederic William,
Dates associated with a name 1850-1906.
9 (RLIN) 14069
245 10 - TITLE STATEMENT
Title Selected historical essays of F.W. Maitland /
Statement of responsibility, etc. chosen and introduced by Helen M. Cam.
260 ## - PUBLICATION, DISTRIBUTION, ETC. (IMPRINT)
Place of publication, distribution, etc. Cambridge :
Name of publisher, distributor, etc. University Press,
Date of publication, distribution, etc. c1957.
300 ## - PHYSICAL DESCRIPTION
Pagination xxix, 277 p. ;
Size 23 cm.
504 ## - BIBLIOGRAPHY, ETC. NOTE
Bibliography, etc Includes bibliographical references.
650 #0 - SUBJECT ADDED ENTRY--TOPICAL TERM
Topical term or geographic name as entry element Law
Geographic subdivision Great Britain
General subdivision History.
9 (RLIN) 74630
651 #0 - SUBJECT ADDED ENTRY--GEOGRAPHIC NAME
Geographic name Great Britain
General subdivision History.
9 (RLIN) 74631
700 1# - ADDED ENTRY--PERSONAL NAME
Personal name Cam, Helen M.
Fuller form of name (Helen Maud),
Dates associated with a name 1885-1968.
942 ## - ADDED ENTRY ELEMENTS (KOHA)
Source of classification or shelving scheme Dewey Decimal Classification
Koha item type Books
Holdings
Lost status Source of classification or shelving scheme Damaged status Not for loan Collection code Permanent Location Current Location Shelving location Date acquired Source of acquisition Cost, normal purchase price Total Checkouts Full call number Date last seen Copy number Koha item type
  Dewey Decimal Classification   Added to bundle Non-fiction Central Library, University of Rajshahi Central Library, University of Rajshahi Reading Room 08/10/1969 Zeitlinger 40.00   941 MAS 1957 12/03/2014 C-1 Books